Effect analysis of mixing process variables on viscoelastic properties of NR tread compounds (Record no. 57657)

MARC details
000 -LEADER
fixed length control field 00486nam a2200169Ia 4500
100 ## - MAIN ENTRY--AUTHOR NAME
Personal name Marks A Mathew
245 #0 - TITLE STATEMENT
Title Effect analysis of mixing process variables on viscoelastic properties of NR tread compounds
260 ## - PUBLICATION, DISTRIBUTION, ETC. (IMPRINT)
Name of publisher Rubber World
Year of publication 2004
300 ## - PHYSICAL DESCRIPTION
Number of Pages 29-32
650 ## - SUBJECT ADDED ENTRY--TOPICAL TERM
Topical Term Mixing
650 ## - SUBJECT ADDED ENTRY--TOPICAL TERM
Topical Term NR tread compounds
650 ## - SUBJECT ADDED ENTRY--TOPICAL TERM
Topical Term Viscoelastic properties
700 ## - ADDED ENTRY--PERSONAL NAME
Personal name Abhijit Adhikary
700 ## - ADDED ENTRY--PERSONAL NAME
Personal name Mukhopadhyay R
942 ## - ADDED ENTRY ELEMENTS (KOHA)
Koha item type Journals
Holdings
Withdrawn status Lost status Damaged status Not for loan Home library Current library Shelving location Date acquired Serial Enumeration / chronology Koha item type
      Journals RRII Library RRII Library Rubber chemistry 17/12/2021 Volume 231, Issue 2 Journals